00226nam a2200097Ia 4500100001900000654001300019245004400032260003200076300000800108546001200116 aDistefano/J.J  afeedback aProblems of feedback and control system bMcGraw HillaNew Yorkc1976 a371 aENGLISH